Participación política de mujeres: el caso panameño /

Guardat en:
Dades bibliogràfiques
Autor principal: Arce, Marcela
Format: Text
Matèries:
Etiquetes: Afegir etiqueta
Sense etiquetes, Sigues el primer a etiquetar aquest registre!

MARC

LEADER 00000 a a2200000 04500
001 13244
003
040
100 |a Arce, Marcela  
245 |a Participación política de mujeres:   |b el caso panameño /  |c Marcela Arce 
500 |a Extracto de Ponencia presentada en LASA 2001  
650 |a MUJERES  
650 |a PARTICIPACION POLITICA  
650 |a CAMBIO SOCIAL  
650 |a MOVIMIENTOS DE MUJERES  
650 |a LIDERAZGO POLITICO  
773 |g número 4; páginas 60-77  
999 |c 37341  |d 37341